Wae yutʻopʻia inʾga : Yutʻopʻia, munhak, ideollogi e kwanhan pipʻyŏng /
Saved in:
| Main Author: | |
|---|---|
| Format: | Book |
| Language: | Korean |
| Published: |
Sŏul :
Minŭmsa,
1994.
|
| Edition: | 1-pʻan. |
| Subjects: | |
| Tags: |
Add Tag
No Tags, Be the first to tag this record!
|
| LEADER | 01068cam a2200325 a 4500 | ||
|---|---|---|---|
| 001 | 008271925-X | ||
| 005 | 20024617124222.0 | ||
| 008 | 960626s1994 ko b 001 0 kor | ||
| 010 | |a 96461993 /AK | ||
| 020 | |a 8937410664 | ||
| 035 | 0 | |a ocm35713242 | |
| 035 | 0 | |a ocm35713242 |z ocm33415228 | |
| 040 | |a DLC |c DLC |d MH-HY | ||
| 042 | |a lccopycat | ||
| 050 | 0 | 0 | |a HX806 |b .I55 1994 |
| 100 | 1 | |6 880-01 |a Im, Chʻŏl-gyu. | |
| 245 | 1 | 0 | |6 880-02 |a Wae yutʻopʻia inʾga : |b Yutʻopʻia, munhak, ideollogi e kwanhan pipʻyŏng / |c Im Chʻŏl-gyu. |
| 250 | |6 880-03 |a 1-pʻan. | ||
| 260 | |6 880-04 |a Sŏul : |b Minŭmsa, |c 1994. | ||
| 300 | |a 445 p. ; |c 23 cm. | ||
| 504 | |a Includes bibliographical references and indexes. | ||
| 650 | 0 | |a Utopias. | |
| 650 | 0 | |a Utopias in literature. | |
| 650 | 0 | |a Utopian socialism. | |
| 880 | 1 | |6 100-01 |a 임철규. | |
| 880 | 1 | 0 | |6 245-02 |a 왜유토피아인가 : |b 유토피아, 문학, 이데올로기에관한비평 / |c 임철규. |
| 880 | |6 250-03 |a 1판. | ||
| 880 | |6 260-04 |a 서울 : |b 민음사, |c 1994. | ||
| 988 | |a 20021220 | ||
| 906 | |0 DLC | ||


